000 00454nam a2200169Ia 4500
008 231217s9999 xx 000 0 und d
041 _aEnglish
082 _a660.63 AIB;1 R
100 _aAiba, Shuichi. Humphrey, Arthur E. Millis, Nancy F.
245 0 _aBiochemical engineering
250 _a2nd ed.
260 _c1973
_bAcademic Publ.
_aNEW YORK
300 _axvi+434
500 _aWithdawn
650 _aBiochemical,engineering
942 _cAA
999 _c173495
_d173495